000 00788nas a2200241 4500
001 BR9602540
003 BR-BrBNA
005 20231205094723.0
007 ta
008 230509b bl.|||p| |||| 00| 00por d
040 _aBR-BrBNA
_bpor
_cBiblioteca Nacional de Agricultura
041 _a(En)
072 _aH10
100 1 _aCosta, C.
100 1 _aVanin, S.A.
100 1 _aIde, S.
245 1 _aLarvae of neotropical coleoptera 22. Description of adults and immatures of Lagrioida nortoni SP.N., and bionomics (Coleoptera, Tenebrionoidea, Anthicidae)
650 _aColeoptero
650 _aBiologia
773 0 _tIheringia. Serie Zoologia (Brazil)
_xISSN 0073-4721
_g(Mar 1995), no. 78 p. 113-126
_wBR9602540
909 _a202311
_bLúcia
_c55
_dLúcia Elande
942 _2AGRIS
_n0
_cANA
999 _c146366
_d146366